|
|
|
|
| LEADER |
00000nam a22000003a 4500 |
| 001 |
stu55465 |
| 005 |
20230512113835.1 |
| 008 |
001030s2000----xr------------------cze-d |
| 020 |
|
|
|a 80-7232-115-3
|
| 040 |
|
|
|a STU
|b slo
|
| 041 |
0 |
|
|a cze
|
| 044 |
|
|
|a xr
|
| 080 |
|
|
|a 004.438Java
|
| 080 |
|
|
|a 681.324.06JAVA
|
| 080 |
|
|
|a 519.682
|
| 084 |
|
|
|a B6210
|2 INS
|
| 084 |
|
|
|a C5620
|2 INS
|
| 084 |
|
|
|a C6110J
|2 INS
|
| 084 |
|
|
|a C6130
|2 INS
|
| 084 |
|
|
|a C6140
|2 INS
|
| 084 |
|
|
|a D5020
|2 INS
|
| 100 |
1 |
|
|a Herout, Pavel
|4 aut
|
| 245 |
1 |
|
|a Učebnice jazyka Java
|
| 260 |
|
|
|a České Budějovice :
|b Kopp,
|c 2000
|
| 300 |
|
|
|a 349 s
|
| 650 |
|
7 |
|a programovacie jazyky
|2 stusub
|
| 650 |
|
7 |
|a programovanie
|2 stusub
|
| 650 |
|
7 |
|a Java
|2 stusub
|
| 856 |
4 |
|
|a https://sweb.mtf.stuba.sk/obsahy/ucebnicve_jazyka_java_01.pdf
|u https://sweb.mtf.stuba.sk/obsahy/ucebnicve_jazyka_java_01.pdf
|3 OBSAH
|
| 996 |
|
|
|b 284EK83758
|c E*83758
|l EE16
|s P
|a 0
|w stu55465_0001
|
| 996 |
|
|
|b CB2393
|c C*B2393
|l CCXX
|s P
|a 0
|w stu55465_0002
|
| 996 |
|
|
|b 284EK83645
|c E*83645
|l EE01
|s A
|a 24
|w stu55465_0003
|
| 996 |
|
|
|b 284M033654
|c M*10832-1
|l MMKN
|s A
|a 24
|w stu55465_0004
|
| 996 |
|
|
|c I*16PJ13548
|l II680
|s A
|a 24
|w stu55465_0007
|